| 000 | 00805nmm a2200253 a 4500 | ||
|---|---|---|---|
| 001 | ocm000701980 | ||
| 003 | TR-IsHL | ||
| 005 | 20201028131949.0 | ||
| 008 | 131028s2010 tu tur | ||
| 007 | cr cn | ||
| 035 |
_a701980 _b(N$T) |
||
| 050 | 0 | 4 |
_aHF1418 _b.S67[2 2010 |
| 090 | 0 | 4 |
_aHF1418 _b.S67[2 2010 |
| 245 | 1 | 0 |
_aSorularla serbest bölgeler mevzuatı _h[electronic resource] |
| 250 | _a1. bs. | ||
| 260 |
_aİstanbul : _bİstanbul Ticaret Odası, _c2010 |
||
| 300 | _a21 p. | ||
| 650 | 4 | _aEkonomi ve Finans | |
| 650 | 4 | _aEconomics and Finance | |
| 650 | 0 | _aSerbest limanlar ve bölgeler | |
| 650 | 0 | _aFree ports and zones | |
| 650 | 7 |
_aBUSINESS & ECONOMICS / General _2bisacsh |
|
| 856 | 4 | 0 | _uhttp://search.ebscohost.com/login.aspx?direct=true&scope=site&db=e011xww&AN=701980 |
| 999 |
_c4840 _d4840 |
||